000 00619nam a22001817a 4500
999 _c12427
_d12427
008 190125b ||||| |||| 00| 0 eng d
020 _a9715540686
082 _21989
_aDFil 658.5
_bSo688
100 _aSoriano, Emanuel V.
_935061
245 _aBusiness policy in an Asian context :
_btext and cases /
_cEmanuel V. Soriano and Lee C. Nehrt.
250 _a3rd Edition.
260 _aManila :
_bSinag-Tala Publishers Inc.,
_c©1989.
300 _av, 592 pages ;
_c22 cm.
505 _aText--Cases--A management game.
650 _aBusiness policy.
_935062
700 _aNerht, Lee C.
_935063
_eauthor.
942 _2ddc
_cDFIL